Sistema de aseguramiento de la legalidad de la madera / (Registro nro. 18773)

Detalles MARC
000 -CABECERA
Campo de control 01226nam a2200301 4500
005 - FECHA Y HORA DE LA ULTIMA TRANSACCION
Campo de control 20180803170308.0
008 - ELEMENTOS DE LONGITUD FIJA—INFORMACION GENERAL
Campo de control 160608b2015 ck ad|||r|||| 00| 0 spa d
020 ## - ISBN
ISBN 9789588370538
040 ## - FUENTE DE CATALOGACIÓN
Agencia catalogadora original CO-BoIAVH
Agencia transcriptora CO-BoIAVH
041 0# - IDIOMA
Código de idioma para texto/pista de sonido o título separado Español
044 ## - PAÍS DE PUBLICACIÓN
País de publicación Colombia
082 04 - NUMERO DE CLASIFICACION DECIMAL DEWEY
Número de clasificación 333.75068
Número del ítem M84s
100 1# - ASIENTO PRINCIPAL--NOMBRE PERSONAL
Nombre personal Moreno-Orjuela, Rubén Darío
Término relacionado autor
9 (RLIN) 24663
245 10 - MENCION DE TITULO
Título Sistema de aseguramiento de la legalidad de la madera /
Mención de responsabilidad Rubén Darío Moreno Orjuela [y otros 4]
260 ## - PUBLICACION, DISTRIBUCION, ETC. (PIE DE IMPRENTA)
Lugar de publicación, distribución, etc. Bogotá :
Nombre del editor, distribuidor, etc. Corporación Autónoma Regional de Risaralda,
Fecha de publicación, distribución, etc. [2015?] .
300 ## - DESCRIPCION FISICA
Extensión 46 páginas :
Otros detalles físicos ilustraciones, tablas y gráficas ;
Dimensiones 23 x 21 cm.
504 ## - NOTA DE BIBLIOGRAFIA, ETC.
Nota de bibliografía Incluye referencias bibliográficas.
650 16 - ASIENTO SECUNDARIO DE MATERIA - TERMINO TEMATICO
Término temático o nombre geográfico como elemento de entrada Recursos forestales
9 (RLIN) 92984
650 26 - ASIENTO SECUNDARIO DE MATERIA - TERMINO TEMATICO
Término temático o nombre geográfico como elemento de entrada Recursos forestales
Subdivisión general comercialización
9 (RLIN) 71436
650 26 - ASIENTO SECUNDARIO DE MATERIA - TERMINO TEMATICO
Término temático o nombre geográfico como elemento de entrada Control ambiental
9 (RLIN) 71437
650 26 - ASIENTO SECUNDARIO DE MATERIA - TERMINO TEMATICO
Término temático o nombre geográfico como elemento de entrada Control ambiental
Subdivisión general legislación forestal
9 (RLIN) 71438
700 1# - ASIENTO SECUNDARIO - NOMBRE PERSONAL
Nombre personal Villota Echeverri, Nelson
Término de relación autor
9 (RLIN) 71439
700 1# - ASIENTO SECUNDARIO - NOMBRE PERSONAL
Nombre personal Marín Montoya, Juan Diego
Término de relación autor
9 (RLIN) 71440
700 1# - ASIENTO SECUNDARIO - NOMBRE PERSONAL
Nombre personal Zuñiga Gallego, Julian Katherine
Término de relación autora
9 (RLIN) 71441
700 1# - ASIENTO SECUNDARIO - NOMBRE PERSONAL
Nombre personal Gutiérrez Rodríguez, Ediesummer
Término de relación autor
9 (RLIN) 71442
710 2# - ASIENTO SECUNDARIO - NOMBRE CORPORATIVO
Nombre corporativo o de jurisdicción como elemento de entrada Corporación Autónoma Regional de Risaralda -CARDER
9 (RLIN) 71443
942 ## - ELEMENTOS ADICIONALES (KOHA)
Sistema de clasificación Dewey Decimal Classification
Tipo de ítem Libro
Existencias
Withdrawn status Lost status Sistema de Clasificación Damaged status No para préstamo Colección Inventariado Ubicación Permanente Ubicación actual Fecha de adquisición Fuente de Valor Valor Total Checkouts Número topográfico Inventario / Código de Barras Date last seen Ejemplar Price effective from Forma de adquisición Tipo de material
    Dewey Decimal Classification     General Inventariado 2017 Bogotá Bogotá 08/06/2016 Instituto 39000.00   LB-333.75068 M84s 040427 08/06/2016 Ej. 1 08/06/2016 Donación Libro